[Event "European Online CC PlayC"]
[Site "Tornelo INT"]
[Date "2021.03.29"]
[Round "4.2"]
[Board "1"]
[White "Fedoseev, Vladimir3"]
[Black "Tomashevsky, Evgeny"]
[Result "1/2-1/2"]
[WhiteTitle "GM"]
[BlackTitle "GM"]
[WhiteElo "2687"]
[BlackElo "2706"]
[WhiteTeam "Mednyi Vsadnik"]
[BlackTeam "New Old Boys"]
[WhiteFideId "24130737"]
[BlackFideId "4147235"]
[EventDate "2021.03.29"]
[EventType "team"]

1. e4 e5 2. Nf3 Nc6 3. Bb5 Nf6 4. d3 Bc5 5. Bxc6 dxc6 6. Nbd2 Nd7 7. Nf1 Bd6 8.
Be3 c5 9. Ng3 Nf8 10. Nf5 Bxf5 11. exf5 Qd7 12. Nh4 Be7 13. Qh5 Bxh4 14. Qxh4
Qxf5 15. Bxc5 Ng6 16. Qe4 Qxe4+ 17. dxe4 Nf4 18. g3 Ne6 19. Be3 O-O-O 20. c3 g6
21. Ke2 b6 22. b4 Kb7 23. a4 a6 24. h4 h5 25. f4 exf4 26. gxf4 Rhe8 27. Rad1 b5
28. a5 Kc6 29. Rhg1 Rxd1 30. Rxd1 Ng7 31. Bd4 Nf5 32. Be5 Nxh4 33. Kf2 g5 34.
Rd5 Re7 35. Rc5+ Kb7 36. fxg5 Ng6 37. Bh2 c6 38. Rf5 Rxe4 39. Rxf7+ Re7 40. Rf6
Ne5 41. Bxe5 Rxe5 42. g6 Kc7 43. Kg3 Re4 44. Rf7+ Kd6 45. g7 Rg4+ 46. Kh3 Kd5
47. Rc7 Kd6 48. Ra7 Kd5 49. Rf7 Ke6 50. Ra7 Kd5 51. Rd7+ 1/2-1/2

[Event "European Online CC PlayC"]
[Site "Tornelo INT"]
[Date "2021.03.29"]
[Round "4.2"]
[Board "2"]
[White "Grachev, Boris"]
[Black "Matlakov, Maxim"]
[Result "1-0"]
[WhiteTitle "GM"]
[BlackTitle "GM"]
[WhiteElo "2619"]
[BlackElo "2688"]
[WhiteTeam "New Old Boys"]
[BlackTeam "Mednyi Vsadnik"]
[WhiteFideId "4129199"]
[BlackFideId "4168003"]
[EventDate "2021.03.29"]
[EventType "team"]

1. d4 d5 2. Bf4 e6 3. e3 Bd6 4. Nf3 Nf6 5. Nbd2 b6 6. Bb5+ c6 7. Bd3 Bxf4 8.
exf4 O-O 9. O-O c5 10. c3 Ba6 11. Bxa6 Nxa6 12. Qe2 Nb8 13. Ne5 Qc7 14. Ndf3 Nc6
15. Rad1 cxd4 16. Nxc6 Qxc6 17. Nxd4 Qc7 18. g3 a6 19. Rfe1 Rfe8 20. Rd3 Qc4 21.
a3 Ne4 22. f3 Nd6 23. Re3 Qxe2 24. R3xe2 g6 25. g4 Kf8 26. Kf2 b5 27. Kg3 a5 28.
f5 exf5 29. gxf5 Rxe2 30. Rxe2 Nxf5+ 31. Nxf5 gxf5 32. Kf4 b4 33. axb4 axb4 34.
cxb4 Rb8 35. Kxf5 Rxb4 36. Ke5 d4 37. Kd5 Rb3 38. Kxd4 Rxf3 39. b4 Rb3 40. Kc4
Rb1 41. b5 Kg7 42. Re3 f5 43. Rb3 Rc1+ 44. Kd5 Kf6 45. b6 Rd1+ 46. Kc6 Rc1+ 47.
Kd7 Rd1+ 48. Kc8 Rc1+ 49. Kb8 f4 50. b7 Kf5 51. Ka7 Rc7 52. Kb6 Rxb7+ 53. Kxb7
Ke4 54. Rh3 1-0

[Event "European Online CC PlayC"]
[Site "Tornelo INT"]
[Date "2021.03.29"]
[Round "4.2"]
[Board "3"]
[White "Esipenko, Andrey"]
[Black "Kobalia, Mikhail"]
[Result "1/2-1/2"]
[WhiteTitle "GM"]
[BlackTitle "GM"]
[WhiteElo "2701"]
[BlackElo "2587"]
[WhiteTeam "Mednyi Vsadnik"]
[BlackTeam "New Old Boys"]
[WhiteFideId "24175439"]
[BlackFideId "4119150"]
[EventDate "2021.03.29"]
[EventType "team"]

1. e4 c6 2. d4 d5 3. e5 Bf5 4. c4 e6 5. Nc3 Ne7 6. Nf3 h6 7. Be3 dxc4 8. Bxc4
Nd5 9. O-O Be7 10. Bd3 Bxd3 11. Qxd3 O-O 12. Rac1 Qb6 13. Qe2 Nd7 14. Nxd5 cxd5
15. h4 Rac8 16. Rc2 Rxc2 17. Qxc2 Nb8 18. h5 Nc6 19. Rc1 Rc8 20. g4 a6 21. Qb1
Qd8 22. Kg2 Na5 23. b3 Rxc1 24. Qxc1 Nc6 25. Bd2 Qb6 26. g5 hxg5 27. Bxg5 Qd8
28. Be3 Bf8 29. Qh1 Ne7 30. Nh4 Qa5 31. Qb1 Qc3 32. Qd1 Nc6 33. h6 gxh6 34. Qg4+
Kh7 35. Qf3 Kg8 36. Qg4+ Kh7 37. Qf3 Kg8 38. Qg4+ 1/2-1/2

[Event "European Online CC PlayC"]
[Site "Tornelo INT"]
[Date "2021.03.29"]
[Round "4.3"]
[Board "1"]
[White "Adams, Michael"]
[Black "Duda, Jan-Krzysztof"]
[Result "1/2-1/2"]
[WhiteTitle "GM"]
[BlackTitle "GM"]
[WhiteElo "2716"]
[BlackElo "2729"]
[WhiteTeam "4NCL Guildford"]
[BlackTeam "Poland Hussars"]
[WhiteFideId "400041"]
[BlackFideId "1170546"]
[EventDate "2021.03.29"]
[EventType "team"]

1. e4 c5 2. Nf3 d6 3. d4 cxd4 4. Nxd4 Nf6 5. Nc3 a6 6. a4 g6 7. Be2 Bg7 8. O-O
O-O 9. Be3 Nc6 10. Qd2 Ng4 11. Bxg4 Bxg4 12. Nd5 Rc8 13. a5 Nxd4 14. Bxd4 Bxd4
15. Qxd4 Be6 16. c4 Bxd5 17. exd5 e5 18. dxe6 fxe6 19. h3 Qf6 20. Qxd6 Rxc4 21.
Rae1 Rc2 22. Rxe6 Qxb2 23. Qd5 Kh8 24. Rb6 Qc3 25. Rxb7 Rcxf2 26. Rxf2 Qe1+ 27.
Kh2 Qxf2 28. Qe5+ Qf6 29. Qc7 Qf4+ 30. Qxf4 Rxf4 31. Rb6 Kg7 32. Rxa6 Ra4 33.
Ra7+ Kf6 34. a6 Ra3 35. Ra8 Kg5 36. Kg1 Kf4 37. Kh2 Kg5 38. a7 Kh6 39. h4 Kh5
40. Re8 Rxa7 41. Re4 g5 42. hxg5 Kxg5 43. Kh3 1/2-1/2

[Event "European Online CC PlayC"]
[Site "Tornelo INT"]
[Date "2021.03.29"]
[Round "4.3"]
[Board "2"]
[White "Moranda, Wojciech"]
[Black "Howell, David W L"]
[Result "1-0"]
[WhiteTitle "GM"]
[BlackTitle "GM"]
[WhiteElo "2618"]
[BlackElo "2658"]
[WhiteTeam "Poland Hussars"]
[BlackTeam "4NCL Guildford"]
[WhiteFideId "1122401"]
[BlackFideId "410608"]
[EventDate "2021.03.29"]
[EventType "team"]

1. Nf3 Nf6 2. c4 e6 3. g3 d5 4. Bg2 Be7 5. O-O O-O 6. d4 c6 7. Nbd2 b6 8. Qc2
Bb7 9. e4 dxc4 10. Nxc4 Nbd7 11. e5 Nd5 12. Qe4 b5 13. Ne3 c5 14. Nxd5 Bxd5 15.
Qg4 Kh8 16. dxc5 Nxc5 17. Rd1 Qb6 18. Be3 Qb7 19. Rac1 Nd7 20. Qh5 Rae8 21. Rd4
Kg8 22. Rcd1 Rc8 23. Ng5 Bxg5 24. Bxd5 exd5 25. Qxg5 Nc5 26. Rh4 Qa6 27. Rxd5
Ne6 28. Qh5 h6 29. Bxh6 g6 30. Qg4 Qxa2 31. Rd1 Rfd8 32. Rf1 Rd4 33. Bf4 Nxf4
34. Qxc8+ 1-0

[Event "European Online CC PlayC"]
[Site "Tornelo INT"]
[Date "2021.03.29"]
[Round "4.3"]
[Board "3"]
[White "McShane, Luke J"]
[Black "Tomczak, Jacek"]
[Result "1-0"]
[WhiteTitle "GM"]
[BlackTitle "GM"]
[WhiteElo "2674"]
[BlackElo "2610"]
[WhiteTeam "4NCL Guildford"]
[BlackTeam "Poland Hussars"]
[WhiteFideId "404853"]
[BlackFideId "1124668"]
[EventDate "2021.03.29"]
[EventType "team"]

1. e4 e6 2. d4 d5 3. exd5 exd5 4. Nf3 Nf6 5. Bd3 Bd6 6. Qe2+ Qe7 7. Qxe7+ Bxe7
8. Bf4 c6 9. Nbd2 Nh5 10. Bc7 b6 11. c3 Na6 12. Be5 f6 13. Bg3 Kf7 14. Nf1 g6
15. Ne3 Nxg3 16. hxg3 Nc7 17. Kd2 Kg7 18. Rae1 Be6 19. g4 Raf8 20. Nf5+ Kf7 21.
Nxe7 Kxe7 22. Rh4 Kf7 23. g5 Kg7 24. gxf6+ Rxf6 25. Ke3 Rhf8 26. Reh1 Bg8 27.
Rf1 Ne6 28. Ne5 Nf4 29. Rh2 c5 30. Bb5 cxd4+ 31. cxd4 Ne6 32. g3 g5 33. Rc1 h6
34. Bd7 Nd8 35. Rc7 Kh8 36. Rxa7 Bh7 37. Bg4 Re8 38. Bh5 Ref8 39. Bg6 Nc6 40.
Rxh7+ 1-0

[Event "European Online CC PlayC"]
[Site "Tornelo INT"]
[Date "2021.03.29"]
[Round "4.3"]
[Board "4"]
[White "Klekowski, Maciej"]
[Black "Cheparinov, Ivan"]
[Result "0-1"]
[WhiteTitle "GM"]
[BlackTitle "GM"]
[WhiteElo "2510"]
[BlackElo "2667"]
[WhiteTeam "Poland Hussars"]
[BlackTeam "4NCL Guildford"]
[WhiteFideId "1132717"]
[BlackFideId "2905540"]
[EventDate "2021.03.29"]
[EventType "team"]

1. c4 c5 2. Nc3 Nc6 3. g3 g6 4. Bg2 Bg7 5. a3 e6 6. Rb1 Nge7 7. b4 d6 8. Nf3 O-O
9. O-O Rb8 10. e3 b6 11. d4 cxd4 12. exd4 Nf5 13. Ne2 Bb7 14. d5 Ne5 15. Nxe5
dxe5 16. dxe6 fxe6 17. Qxd8 Rfxd8 18. Bg5 Rdc8 19. Rbc1 Ba6 20. b5 Bb7 21. Rfd1
Bxg2 22. Kxg2 h6 23. Be3 Rb7 24. a4 Rbc7 25. c5 bxc5 26. Rc4 Bf8 27. Rdc1 Rd7
28. g4 Nxe3+ 29. fxe3 Rd2 30. Kf3 Be7 31. R1c2 Rxc2 32. Rxc2 c4 33. Ke4 Rc5 34.
Ng1 c3 35. Ne2 Rc4+ 36. Kxe5 Kf7 37. Nd4 Bf6+ 38. Kd6 Bxd4 39. exd4 Rxd4+ 40.
Kc5 Rxa4 41. h3 e5 42. Rxc3 Ke6 43. Rd3 e4 44. Rd4 Rxd4 45. Kxd4 Kd6 46. h4 e3
47. Kxe3 Kc5 48. Ke4 Kxb5 49. Ke5 a5 50. Kf6 a4 51. Kxg6 a3 52. Kxh6 a2 53. g5
a1=Q 54. h5 Qh8+ 55. Kg6 Kc6 56. h6 Kd6 0-1

[Event "European Online CC PlayC"]
[Site "Tornelo INT"]
[Date "2021.03.29"]
[Round "5.1"]
[Board "1"]
[White "Duda, Jan-Krzysztof"]
[Black "Vachier-Lagrave, Maxime"]
[Result "1/2-1/2"]
[WhiteTitle "GM"]
[BlackTitle "GM"]
[WhiteElo "2729"]
[BlackElo "2758"]
[WhiteTeam "Poland Hussars"]
[BlackTeam "OSG Baden Baden e.V."]
[WhiteFideId "1170546"]
[BlackFideId "623539"]
[EventDate "2021.03.29"]
[EventType "team"]

1. e4 c6 2. Nf3 d5 3. Nc3 Bg4 4. h3 Bxf3 5. Qxf3 e6 6. g3 Nf6 7. Bg2 Nbd7 8. Qe2
dxe4 9. Nxe4 Nxe4 10. Qxe4 Bd6 11. O-O h5 12. d4 h4 13. g4 Nf6 14. Qf3 Bc7 15.
Rd1 Qd6 16. c4 O-O-O 17. Bg5 Rd7 18. Rab1 Rhd8 19. Kf1 Qb4 20. Qc3 Ba5 21. Qxb4
Bxb4 22. d5 Be7 23. Bxf6 Bxf6 24. Bf3 Kc7 25. dxc6 bxc6 26. Rxd7+ Rxd7 27. Ke2
Rd4 28. b3 Rf4 29. Bg2 Bd4 30. f3 c5 31. Kd3 e5 32. Re1 g6 33. Re2 f5 34. gxf5
gxf5 35. a3 a5 36. a4 Kd6 37. Kc2 Bg1 38. Rd2+ Rd4 39. Bf1 e4 40. fxe4 fxe4 41.
Be2 Be3 42. Rd1 Ke5 43. Bh5 Kf4 44. Bg6 Bf2 45. Rd2 Be1 46. Rd1 Bb4 47. Bh7 Ke3
48. Bg6 Kf3 49. Bf5 Kg3 50. Bg4 Kf2 51. Bh5 Kg2 52. Bg4 Kg3 53. Bf5 Kf4 54. Bg6
Ke5 55. Bh7 Kf4 56. Bg6 Kf3 57. Bh5+ Kf2 58. Bg4 Be1 59. Bf5 Rxd1 60. Kxd1 e3
61. Bg4 Bb4 62. Be2 Bc3 1/2-1/2

[Event "European Online CC PlayC"]
[Site "Tornelo INT"]
[Date "2021.03.29"]
[Round "5.1"]
[Board "2"]
[White "Rapport, Richard"]
[Black "Moranda, Wojciech"]
[Result "0-1"]
[WhiteTitle "GM"]
[BlackTitle "GM"]
[WhiteElo "2763"]
[BlackElo "2618"]
[WhiteTeam "OSG Baden Baden e.V."]
[BlackTeam "Poland Hussars"]
[WhiteFideId "738590"]
[BlackFideId "1122401"]
[EventDate "2021.03.29"]
[EventType "team"]

1. c4 Nf6 2. g3 e6 3. Bg2 d5 4. Nf3 dxc4 5. Qa4+ Bd7 6. Qxc4 c5 7. Ne5 Qc8 8.
Qd3 Nc6 9. Nxd7 Nxd7 10. b3 Be7 11. Bb2 O-O 12. Nc3 Rd8 13. Rd1 Nf6 14. Qb1 Qd7
15. O-O Rac8 16. Ne4 Nd5 17. e3 Ndb4 18. Qa1 f5 19. Nc3 Nd3 20. Ba3 Nce5 21. f4
Ng4 22. Qb1 b5 23. Nd5 exd5 24. Qxd3 b4 25. Bc1 c4 26. Qe2 a5 27. Bb2 a4 28. Bd4
Bc5 29. h3 Nf6 30. Bxf6 gxf6 31. bxc4 dxc4 32. Qxc4+ Kh8 33. d4 Bd6 34. Qe2 Rc3
35. Rc1 Rdc8 36. Rxc3 Rxc3 37. g4 Qe6 38. Re1 b3 39. axb3 axb3 40. gxf5 Qg8 41.
Qg4 b2 42. Qxg8+ Kxg8 43. Be4 Rc1 44. Kf2 Bb4 45. Rf1 Bd2 46. Ke2 Bxe3 47. Rf3
Bxd4 48. Rb3 Kf8 49. Rb7 h5 50. Bd3 Ke8 51. Kd2 Bc3+ 52. Ke3 Re1+ 53. Kf2 Rd1
54. Ke2 Rh1 55. Ke3 Rxh3+ 56. Ke4 h4 57. Bc2 Rg3 58. Kd5 Re3 59. Kd6 Kf8 60. Rh7
h3 61. Kd7 Bb4 62. Kd8 Ba5+ 63. Kd7 Bb4 64. Rh4 Rc3 65. Be4 Re3 66. Bc2 Re2 67.
Bb1 h2 68. Ba2 Rd2+ 69. Kc8 Bd6 70. Rh7 Bxf4 71. Rf7+ Ke8 72. Rh7 Rc2+ 73. Kb7
Rc7+ 0-1

[Event "European Online CC PlayC"]
[Site "Tornelo INT"]
[Date "2021.03.29"]
[Round "5.1"]
[Board "3"]
[White "Socko, Bartosz"]
[Black "Bacrot, Etienne"]
[Result "1/2-1/2"]
[WhiteTitle "GM"]
[BlackTitle "GM"]
[WhiteElo "2618"]
[BlackElo "2678"]
[WhiteTeam "Poland Hussars"]
[BlackTeam "OSG Baden Baden e.V."]
[WhiteFideId "1107038"]
[BlackFideId "605506"]
[EventDate "2021.03.29"]
[EventType "team"]

1. d4 Nf6 2. c4 e6 3. g3 Bb4+ 4. Bd2 Be7 5. Bg2 d5 6. Qc2 O-O 7. Nf3 Nbd7 8. O-O
Ne4 9. Nc3 Nxd2 10. Nxd2 c6 11. e4 dxc4 12. Nxc4 Nb6 13. Nxb6 Qxb6 14. Rfd1 Rd8
15. Na4 Qc7 16. e5 Bd7 17. Rac1 Rac8 18. Nc5 Be8 19. b4 a5 20. bxa5 Bxc5 21.
Qxc5 Ra8 22. Rb1 Qxa5 23. Qxa5 Rxa5 24. Rxb7 Rxa2 25. Rc7 Ra4 26. Rc1 Raxd4 27.
Bxc6 Rd1+ 28. Rxd1 Rxd1+ 29. Kg2 Bxc6+ 30. Rxc6 g5 31. Rc2 Kg7 32. g4 Rd5 33.
Re2 Kg6 34. h3 h5 35. Re3 1/2-1/2

[Event "European Online CC PlayC"]
[Site "Tornelo INT"]
[Date "2021.03.29"]
[Round "5.2"]
[Board "2"]
[White "Howell, David W L"]
[Black "Grachev, Boris"]
[Result "1/2-1/2"]
[WhiteTitle "GM"]
[BlackTitle "GM"]
[WhiteElo "2658"]
[BlackElo "2619"]
[WhiteTeam "4NCL Guildford"]
[BlackTeam "New Old Boys"]
[WhiteFideId "410608"]
[BlackFideId "4129199"]
[EventDate "2021.03.29"]
[EventType "team"]

1. Nf3 d5 2. g3 c6 3. Bg2 Bg4 4. h3 Bh5 5. O-O Nd7 6. d4 e6 7. c4 Ngf6 8. cxd5
exd5 9. Qb3 Qb6 10. Qe3+ Be7 11. Nh4 Bg6 12. Nc3 Kf8 13. Nxg6+ hxg6 14. Qd3 Re8
15. Bf4 Qd8 16. Rfe1 Kg8 17. a3 Kh7 18. b4 a6 19. Bf3 Nb6 20. h4 Kg8 21. e4 dxe4
22. Nxe4 Nxe4 23. Rxe4 Nd5 24. Bd2 f5 25. Re5 Bf6 26. Rxe8+ Qxe8 27. a4 Qd7 28.
b5 axb5 29. axb5 Kh7 30. bxc6 bxc6 31. Rc1 Ne7 32. Bb4 Rd8 1/2-1/2

[Event "European Online CC PlayC"]
[Site "Tornelo INT"]
[Date "2021.03.29"]
[Round "5.2"]
[Board "3"]
[White "Najer, Evgeniy"]
[Black "McShane, Luke J"]
[Result "1-0"]
[WhiteTitle "GM"]
[BlackTitle "GM"]
[WhiteElo "2648"]
[BlackElo "2674"]
[WhiteTeam "New Old Boys"]
[BlackTeam "4NCL Guildford"]
[WhiteFideId "4118987"]
[BlackFideId "404853"]
[EventDate "2021.03.29"]
[EventType "team"]

1. e4 e5 2. Nf3 Nc6 3. Bb5 Nf6 4. Nc3 Bb4 5. O-O O-O 6. d3 Bxc3 7. bxc3 d6 8.
Re1 Bd7 9. Bg5 Ne7 10. a4 a6 11. Bc4 Ng6 12. Nh4 Kh8 13. a5 h6 14. Nxg6+ fxg6
15. Bd2 Bb5 16. Bxb5 axb5 17. Qb1 c6 18. c4 Ng4 19. h3 Rxf2 20. Be3 Qh4 21. Bxf2
Qxf2+ 22. Kh1 Ne3 23. Rxe3 Qxe3 24. cxb5 cxb5 25. Qxb5 Rc8 26. c4 Qxd3 27. Qxb7
Rf8 28. Qb1 Qd4 29. a6 Kh7 30. Kh2 Rf7 31. Qg1 Qxe4 32. a7 Qa8 33. Qb6 Rf8 34.
Qxd6 e4 35. Qd5 e3 36. Qxa8 Rxa8 37. Kg3 1-0

[Event "European Online CC PlayC"]
[Site "Tornelo INT"]
[Date "2021.03.29"]
[Round "5.2"]
[Board "4"]
[White "Jones, Gawain C B"]
[Black "Kobalia, Mikhail"]
[Result "0-1"]
[WhiteTitle "GM"]
[BlackTitle "GM"]
[WhiteElo "2670"]
[BlackElo "2587"]
[WhiteTeam "4NCL Guildford"]
[BlackTeam "New Old Boys"]
[WhiteFideId "409561"]
[BlackFideId "4119150"]
[EventDate "2021.03.29"]
[EventType "team"]

1. e4 c6 2. d4 d5 3. e5 Bf5 4. h4 h5 5. c4 e6 6. Nc3 Ne7 7. Nge2 Nd7 8. Ng3 Bg6
9. Bg5 Qb6 10. Rc1 Nf5 11. Nxf5 Bxf5 12. cxd5 exd5 13. Bd3 Bg4 14. Be2 Bxe2 15.
Qxe2 Qxd4 16. e6 Nf6 17. O-O Qg4 18. Qe5 Qxe6 19. Bxf6 gxf6 20. Qc7 Qd7 21.
Rfe1+ Be7 22. Qf4 Kf8 23. Nxd5 Qxd5 24. Rcd1 Qc5 25. Rd7 Re8 26. a3 a5 27. g3
Kg7 28. b4 axb4 29. axb4 Qxb4 30. Rexe7 Qxf4 31. Rxf7+ Kg6 32. gxf4 b5 33. Kg2
b4 34. f5+ Kxf5 35. Rd3 Rhg8+ 36. Kf3 Rg4 37. Rd6 Re6 38. Rd8 c5 39. Rc7 Rc4 40.
Rh8 Rc3+ 41. Kg2 b3 42. Rxh5+ Ke4 43. Rhxc5 Rxc5 44. Rxc5 Rb6 45. Rc1 b2 46. Rb1
Kf4 47. h5 Kg5 48. Kf3 Kxh5 49. Ke4 Rb5 50. Kf4 Kg6 51. Rg1+ Kf7 52. Rb1 Ke6 53.
Ke4 Rb7 54. Kd4 Kf5 55. Kc3 Ke4 56. Rxb2 Rxb2 57. Kxb2 Kd3 58. Kc1 Ke2 59. f4
Ke3 60. f5 Ke4 61. Kd2 Kxf5 62. Ke3 Kg4 63. Ke2 Kg3 64. Ke3 f5 65. Ke2 f4 66.
Kf1 Kf3 0-1

[Event "European Online CC PlayC"]
[Site "Tornelo INT"]
[Date "2021.03.29"]
[Round "5.3"]
[Board "1"]
[White "Kovalev, Vladislav"]
[Black "Fedoseev, Vladimir3"]
[Result "1-0"]
[WhiteTitle "GM"]
[BlackTitle "GM"]
[WhiteElo "2648"]
[BlackElo "2687"]
[WhiteTeam "Svetlana"]
[BlackTeam "Mednyi Vsadnik"]
[WhiteFideId "13504398"]
[BlackFideId "24130737"]
[EventDate "2021.03.29"]
[EventType "team"]

1. e4 c5 2. Nf3 d6 3. Bb5+ Nd7 4. O-O a6 5. Bd3 Ngf6 6. Re1 e6 7. c3 b5 8. a4 c4
9. Bf1 Bb7 10. axb5 axb5 11. Rxa8 Qxa8 12. Na3 Bxe4 13. Nxb5 Qc8 14. d3 cxd3 15.
Bxd3 d5 16. Bf4 Be7 17. Nd6+ Bxd6 18. Bxd6 Bxd3 19. Qxd3 Ne4 20. Ba3 f5 21. Nd4
Kf7 22. f3 Nec5 23. Qe2 Re8 24. c4 dxc4 25. Qxc4 Qa6 26. Nxf5 Qxc4 27. Nd6+ Kf6
28. Nxc4 Nb3 29. Bb4 g6 30. Nd6 Rb8 31. Ne4+ Kf7 32. Bc3 h6 33. Kf2 Nb6 34. Be5
Ra8 35. Re3 Nc4 36. Nd6+ Nxd6 37. Rxb3 Ra6 38. g4 g5 39. Rb8 Ne8 40. Rb7+ Kg6
41. b4 Nf6 42. b5 Ra2+ 43. Ke3 h5 44. Bxf6 Kxf6 45. gxh5 Rxh2 46. b6 Rxh5 47.
Rc7 Rh1 48. Kd4 Rb1 49. b7 Kf5 50. Kc5 Kf4 51. Rf7+ Kg3 52. Kc6 e5 53. Rf5 Rc1+
54. Kd6 Rb1 55. Kc7 Rc1+ 56. Kb8 g4 57. fxg4 e4 58. Ka7 Kxg4 59. Re5 Ra1+ 60.
Kb6 Rb1+ 61. Rb5 1-0

[Event "European Online CC PlayC"]
[Site "Tornelo INT"]
[Date "2021.03.29"]
[Round "5.3"]
[Board "2"]
[White "Matlakov, Maxim"]
[Black "Azarov, Sergei"]
[Result "0-1"]
[WhiteTitle "GM"]
[BlackTitle "GM"]
[WhiteElo "2688"]
[BlackElo "2604"]
[WhiteTeam "Mednyi Vsadnik"]
[BlackTeam "Svetlana"]
[WhiteFideId "4168003"]
[BlackFideId "13501470"]
[EventDate "2021.03.29"]
[EventType "team"]

1. d4 Nf6 2. Nc3 d5 3. Bf4 e6 4. Nb5 Na6 5. e3 c6 6. Nc3 Be7 7. Nf3 O-O 8. h4 c5
9. h5 h6 10. g4 Ne4 11. Nxe4 dxe4 12. Ne5 Nb4 13. c3 Nd5 14. Bg3 Bd7 15. Bg2 Bc6
16. Bxe4 Qb6 17. Nxc6 bxc6 18. Rb1 cxd4 19. exd4 Rad8 20. O-O Qa5 21. Qe2 Bd6
22. a3 Bxg3 23. fxg3 c5 24. Rbd1 Nf6 25. dxc5 Qxc5+ 26. Kg2 Qg5 27. Bf3 e5 28.
Rxd8 Rxd8 29. Rd1 Re8 30. Qd2 e4 31. Be2 e3 32. Qd4 Ne4 33. c4 Nd2 34. b4 Re4
35. Qxa7 Rxg4 36. Qb8+ Kh7 37. Qc7 f5 38. Re1 Rd4 39. Qf7 Rd6 40. c5 Ne4 41. g4
Rf6 42. Qc7 Qh4 43. Rf1 f4 44. Qe5 Nf2 45. Bd3+ Nxd3 46. Qe4+ Kg8 47. Qd5+ Rf7
48. Qxd3 Qg3+ 49. Kh1 Qh3+ 50. Kg1 Qxg4+ 51. Kh1 Qh3+ 52. Kg1 Qg3+ 53. Kh1 f3 0-1

[Event "European Online CC PlayC"]
[Site "Tornelo INT"]
[Date "2021.03.29"]
[Round "5.3"]
[Board "3"]
[White "Zhigalko, Andrey"]
[Black "Esipenko, Andrey"]
[Result "1/2-1/2"]
[WhiteTitle "GM"]
[BlackTitle "GM"]
[WhiteElo "2517"]
[BlackElo "2701"]
[WhiteTeam "Svetlana"]
[BlackTeam "Mednyi Vsadnik"]
[WhiteFideId "13502247"]
[BlackFideId "24175439"]
[EventDate "2021.03.29"]
[EventType "team"]

1. e4 e5 2. Nf3 Nf6 3. Nxe5 d6 4. Nf3 Nxe4 5. d3 Nf6 6. d4 d5 7. h3 Bd6 8. c4 c6
9. Bd3 O-O 10. O-O dxc4 11. Bxc4 Nbd7 12. Nc3 Nb6 13. Bb3 Nfd5 14. Re1 Bf5 15.
Ne5 Bxe5 16. Rxe5 Bg6 17. Qe2 f6 18. Nxd5 Nxd5 19. Bxd5+ cxd5 20. Re7 Rf7 21.
Rxf7 Bxf7 22. Bf4 Qd7 23. Rc1 Rc8 24. Rxc8+ Qxc8 25. Qe7 a6 26. Qc7 Qxc7 27.
Bxc7 Be8 28. f3 Kf7 29. Kf2 g5 30. g4 Kg6 31. Kg3 h5 32. h4 1/2-1/2